000
00253nam a22000977a 4500
003
SGT
245
_a
INTERNATIONAL JOURNAL OF WIRELESS & NETWORK APPLICATION
260
_a
NEW DELHI
_b
RIP RESEARCH INDIA PUBLICATIONS
_c
2013
300
_a
172
942
_2
ddc
_c
BV
999
_c
20193
_d
20193